Business management and competition in government as a sergice provider: an appraisal of premum products and services of department of post (Record no. 493112)

000 -LEADER
fixed length control field 00571cam a22001337a 4500
008 - FIXED-LENGTH DATA ELEMENTS--GENERAL INFORMATION
fixed length control field 180718b2005 xxu||||| |||| 00| 0 eng d
082 ## - DEWEY DECIMAL CLASSIFICATION NUMBER
Classification number APPPA/2004-05/VEE/50
100 ## - MAIN ENTRY--PERSONAL NAME
Personal name Veerwal, Ombir Singh
245 ## - TITLE STATEMENT
Title Business management and competition in government as a sergice provider: an appraisal of premum products and services of department of post
Statement of responsibility, etc. by Ombir Singh Veerwal
260 ## - PUBLICATION, DISTRIBUTION, ETC.
Place of publication, distribution, etc. New Delhi
Name of publisher, distributor, etc. Indian Institute of Public Administration
Date of publication, distribution, etc. 2005
300 ## - PHYSICAL DESCRIPTION
Extent v.p.
500 ## - GENERAL NOTE
General note An APPPA M.Phil dissertation, 2004-05 (Guide: N.C. Ganguli)
650 ## - SUBJECT ADDED ENTRY--TOPICAL TERM
Topical term or geographic name entry element Business management
Holdings
Withdrawn status Lost status Damaged status Not for loan Permanent Location Current Location Date acquired Full call number Barcode Date last seen Price effective from Koha item type
        Indian Institute of Public Administration Indian Institute of Public Administration 2018-08-04 APPPA/2004-05/VEE/50 GR17279 2018-08-04 2018-08-04 GR

Powered by Koha